书目信息 |
| 题名: |
挡土墙土压力计算手册
|
|
| 作者: | 顾慰慈 著 | |
| 分册: | ||
| 出版信息: | 北京 中国建材工业出版社 2005.01 |
|
| 页数: | x, 624页 | |
| 开本: | 26cm | |
| 丛书名: | ||
| 单 册: | ||
| 中图分类: | TU476 | |
| 科图分类: | ||
| 主题词: | 挡土墙--dang tu qiang--土压力--计算 | |
| 电子资源: | ||
| ISBN: | 7-80159-665-X | |
| 000 | 00985nam0 2200229 450 | |
| 001 | 012006199472 | |
| 005 | 20060119162854.56 | |
| 010 | @a7-80159-665-X@dCNY72.00 | |
| 100 | @a20050406d2005 km y0chiy0120 ea | |
| 101 | 0 | @achi |
| 102 | @aCN@b110000 | |
| 105 | @aa a 000yy | |
| 200 | 1 | @a挡土墙土压力计算手册@Adang tu qiang tu ya li ji suan shou ce@f顾慰慈著@Fgu wei ci zhu |
| 210 | @a北京@c中国建材工业出版社@d2005.01 | |
| 215 | @ax, 624页@c图@d26cm | |
| 320 | @a有书目 (第622-624页)。 | |
| 330 | @a本书包括作用在刚性挡土墙、悬臂式挡土墙、扶壁式挡土墙、板桩墙、锚定板墙和加筋土挡土墙上的土压力,较全面地介绍了各种土压力的计算方法,其中主要有朗肯土压理论、库仑土压理论、极限平衡理论、能量理论、空间土压理论、粘性土等效法则、有限单元方法和水平层计算方法等,书中有大量计算用表和计算实例,可供读者使用和参考。 | |
| 606 | 0 | @a挡土墙@Adang tu qiang@x土压力@x计算 |
| 690 | @aTU476@v4 | |
| 701 | 0 | @a顾慰慈@Agu wei ci@4著 |
| 801 | 0 | @aCN@bQSSK@c20060119 |
| 905 | @a10447@dTU476@eG510 | |
| 挡土墙土压力计算手册/顾慰慈著.-北京:中国建材工业出版社,2005.01 |
| x, 624页:图;26cm |
| ISBN 7-80159-665-X:CNY72.00 |
| 本书包括作用在刚性挡土墙、悬臂式挡土墙、扶壁式挡土墙、板桩墙、锚定板墙和加筋土挡土墙上的土压力,较全面地介绍了各种土压力的计算方法,其中主要有朗肯土压理论、库仑土压理论、极限平衡理论、能量理论、空间土压理论、粘性土等效法则、有限单元方法和水平层计算方法等,书中有大量计算用表和计算实例,可供读者使用和参考。 |
| ● |
| 相关链接 |
|
|
|
正题名:挡土墙土压力计算手册
索取号:TU476/G510
 
预约/预借
| 序号 | 登录号 | 条形码 | 馆藏地/架位号 | 状态 | 备注 |
| 1 | 578895 | 205788959 | 建筑库101/101建筑库 98排4列4层/ [索取号:TU476/G510] | 在馆 | |
| 2 | 578896 | 205788968 | 建筑库101/101建筑库 98排4列5层/ [索取号:TU476/G510] | 在馆 |